Normal view
MARC view
Entry AUTORIDADES PERSONAS
001 - NÚMERO DE CONTROL
- campo de control: 452
003 - CONTROL
- campo de control: AR-BaSMT
005 - FECHA Y HORA DE LA ÚLTIMA TRANSACCIÓN
- campo de control: 20260407091448.0
008 - ELEMENTOS LONGITUD FÍSICA
- campo de control de longitud fija: 260407|| aca||aabn | a|a d
024 7# - OTROS INDICADORES NORMALIZADOS
- Fuente: viaf
- Número estándar o código: http://viaf.org/viaf/37143238
040 ## - FUENTE DE CATALOGACIÓN
- Agencia que cataloga: AR-BaSMT
- Idioma de catalogación: spa
- Norma: RDA
100 1# - ENCABEZAMIENTO-NOMBRE DE PERSONA
- Nombre de persona: Daynes, Katie
- Numeración: 19 -
- Títulos y otros términos asociados al nombre: Autor personal
400 0# - TRAZADO DE VÉASE--NOMBRE DE PERSONA
- Nombre de persona: Katie Daynes
- Fecha asociada al nombre : 19 -
